000 00505nam a2200157 a 4500
001 000033679
005 20200930070433.0
008 110905s1873 dr r 000 0 spa d
040 _aDO-SdBNP
_bspa
_cBNPHU
082 _axxxx
_bG643c
100 1 _aGonzález, Juan Vicente
_959138
245 1 0 _aCompendio de grámatica castellana :
_bsegun Salva y otros autores /
_cJuan Vicente González.
250 _a5a ed.
260 _aSanto Domingo :
_bImprenta de García Hermano,
_c1873.
300 _a177 p. ;
_c17 cm.
999 _c33170
_d33170